000 01814nac a22003611i 4500
003 EG-ScBUE
005 20240225125026.0
008 121021s2006 ua b f b 000 0 ara d
017 _a2005 / 5229
020 _a9771803654
040 _aEG-ScBUE
_bara
_erda
_cEG-ScBUE
_dEG-ScBUE
041 1 _aara
_hita
043 _af-ua---
_ae-it---
082 0 4 _a962.03
_bس ا م
_222
100 1 _a‪ساماركو، أنجلو،
_d1883-1948،
_eمؤلف.
_931201
245 1 0 _aوثائق البحرية المصرية في عهد محمد علي :
_bالمساهمة الإيطالية /
_cأنجلو ساماركو ؛ مراجعة وتقديم د. حسين محمود ؛ ترجمة من الإيطالية إلى العربية ولاء عفيفى النحاس.
264 1 _aالقاهرة :
_bدار الكتب والوثائق القومية،
_c2006.
300 _a236 صفحة :
_bخرائط ؛
_c32 سم
336 _2rdacontent
_aنص
_btxt
337 _aبدون وسيط
_2rdamedia
_bn
338 _aمجلد
_bnc
_2rdacarrier
504 _aيشتمل على إرجاعات ببليوجرافية.
546 _aالنص باللغة العربية وتم ترجمته من اللغة الإيطالية.
650 7 _2BUEsh
_aالقوات البحرية
_x‪تاريخ
_zمصر.
651 7 _aإيطاليا
_xعلاقات خارجية
_zمصر.
_2BUEsh
_931207
651 7 _aمصر
_xعلاقات خارجية
_zإيطاليا.
_2BUEsh
_931208
651 7 _a‪مصر
_x‪تاريخ
_yالعصر الحديث
_y‪عصر محمد علي (1805-1849).
_2BUEsh
655 _vReading book
700 1 _aمحمود، حسين،
_eمراجع،
_eمقدم.
_931204
700 1 _aنحاس، ولاء عفيفي،
_eمترجم.
_931205
710 _aدار الكتب والوثائق القومية
_931206
942 _cBB
_2ddc
999 _c8206
_d8206